=LDR 00000nam 2200000 4500 =001 INLIS000000000010433 =005 20210409080702 =035 ##$$a 0010-061300000010433 =008 210409###########################0###### =041 ##$$a Ind =082 ##$$a 658.04 =090 ##$$a 658.04, Kod m =100 ##$$a KODOATIE, Robert J =245 1#$$a Manajemen dan rekayasa infrastruktur =260 ##$$a 2003 :$b Yogyakarta =300 ##$$a xxv, 596 hlm, 23 cm =650 #4$$a Manajemen - Infrastruktur =850 ##$$a NBPNMAT =990 ##$$a 21005958